• 首页
  • 本馆介绍
  • 公告通知
  • 最新文献
  • 馆藏检索
  • 电子资源
  • 读者导购
  • 参考咨询
  • 我的图书馆
  • 登录
  • 详细信息显示
  • 放入我的书架
  • 预约/预借图书
  • 作者相关作品
  • 分类相关作品
  • 丛书相关作品
  • 出版社相关作品

书目信息

  • 表格格式
  • 工作单格式
  • 卡片格式
题名:
现代文学作品选读
    
 
作者: 刘正基 编著
分册: 上册  
出版信息: 北京   能源出版社  1987.2
页数: 288页
开本: 19厘米
丛书名: 中学教师专业合格考试复习指导丛书
单 册:
中图分类: I216.1 , I211
科图分类:
主题词:
电子资源:
ISBN: 7-80018-004-2
000 00798nam2 2200253 45
001 1575506156
005 20150126152708.92
010    @a7-80018-004-2
020    @aCN@b89016484
100    @a19910513d1987 m y0chiy0120 ea
101 0  @achi
102    @aCN@b110000
105    @ay z 000zy
200 10 @a现代文学作品选读@Axian dai wen xue zuo pin xuan du@h上册@f刘正基等编著@Fliu zheng ji deng bian zhu
210    @a北京@c能源出版社@d1987.2
215    @a288页@d19厘米
225 2  @a中学教师专业合格考试复习指导丛书@f张盛如等主编
410  0 @120010@a中学教师专业合格考试复习指导丛书
540 1  @a现代 文学作品@Axian dai wen xue zuo pin
690    @aI216.1@v1980
690    @aI211@v4
701  0 @a刘正基@Aliu zheng ji@4编著
801  0 @aCN@bTSSF@c20150126
905    @aZUCC@dI211@eJY134:1
    
    现代文学作品选读.上册/刘正基等编著.-北京:能源出版社,1987.2
    288页;19厘米.-(中学教师专业合格考试复习指导丛书/张盛如等主编)
    
    
    ISBN 7-80018-004-2:
    
●
相关链接 在E读中查询图书 在五车中查询图书 在当当中查询图书 在豆瓣中查询图书


正题名:现代文学作品选读     索取号:I211/JY134:1         预约/预借

序号 登录号 条形码 馆藏地/架位号 状态 备注
1 7838288   278382885   学院路分馆/ [索取号:I211/JY134:1] 在馆    
2 7838289   278382894   学院路分馆/ [索取号:I211/JY134:1] 在馆    
3 7838290   278382901   学院路分馆/ [索取号:I211/JY134:1] 在馆    
4 7851010   278510103   学院路分馆/ [索取号:I211/JY134:1] 在馆    
5 7851011   278510112   学院路分馆/ [索取号:I211/JY134:1] 在馆    
6 7851012   278510121   学院路分馆/ [索取号:I211/JY134:1] 在馆    
7 7851013   278510130   学院路分馆/ [索取号:I211/JY134:1] 在馆    
8 7851014   278510149   学院路分馆/ [索取号:I211/JY134:1] 在馆    
9 7851015   278510158   学院路分馆/ [索取号:I211/JY134:1] 在馆    
10 7851016   278510167   学院路分馆/ [索取号:I211/JY134:1] 在馆    
唐山师范学院图书馆 欢迎您!
大连网信软件有限公司© 版权所有